000
00297nam a22001337a 4500
008
181015b xxu||||| |||| 00| 0 eng d
020
_a
9780669341317
041
_a
eng
080
_2
13th
_a
371
100
_a
25
101
_a
EDU
245
_a
The Heath Handbook
_c
Mulderig,G.P
942
_2
udc
_c
BK
999
_c
49624
_d
49624